Statystyki dla Quiz o Argentynie

Kliknij tutaj aby rozwiązać quiz!

Ogólne statystyki

  • Ten quiz został rozwiązany 2 568 razy
  • Średni wynik to 11 z 22

Statystyki odpowiedzi

WskazówkaOdpowiedź% Poprawnych
Język urzędowyHiszpański
97%
StolicaBuenos Aires
96%
Sześciokrotny zwycięzca Ballon d'Or
jako najlepszy piłkarz na świecie
Lionel Messi
85%
Papież urodzony w ArgentynieFranciszek
82%
Piłkarz, który strzelił "gola stulecia"Diego Maradona
74%
Pasmo górskie, którego ta góra
jest częścią
Andy
71%
Taniec pochodzący z ArgentynyTango
69%
Zjawisko gospodarcze, którego
wskaźnik osiągnął 12000% w 1989
Inflacja
66%
Jednostka monetarnaPeso
66%
Państwo, z którym Argentyna stoczyła
wojnę w 1982 roku
Wielka Brytania
64%
Wyspy, o które wtedy walczyliFalklandy
62%
Grupa wysp na południuZiemia {Ognista}
54%
Słabo zaludniony południowy region
podzielony między Argentynę i Chile
Patagonia
36%
Żyzny trawiasty teren na północyPampa
30%
Marksistowski rewolucjonista urodzony
w Argentynie
Che Guevara
28%
Pierwiastek chemiczny, po którym
Argentyna została nazwana
Srebro
27%
Najwyższa góraAconcagua
25%
Estuarium lężące pomiędzy
Argentyną i Urugwajem
La Plata
21%
Najsłynniejsza żona prezydenta PerónaEva
17%
Wodospad leżący na granicy z BrazyliąIguazú
16%
Nazwa kowboja argentyńskiegoGaucho
15%
Argentyński styl barbecueAsado
7%

Rozkład punktacji

Percentyl według liczby udzielonych odpowiedzi

Procent ludzi z każdym wynikiem

Twoja historia wyników

Nie rozwiązałeś tego quizu